000 00564nam a2200217Ia 4500
003 OSt
005 20230327113909.0
008 210423s2007 xx 000 0 und d
020 _a2174732853
040 _cAL
041 _aeng
082 _a615.19
_223
_bWORL
100 _aWORLD HEALTH ORGANIZATION.
_978308
245 _aQuality assurance of pharmaceuticals.V2.
260 _aNew Delhi
_bA I T B S Publications
_c2007
300 _a236
_bPB
365 _b295
_cINR
440 _v2
906 _aassurance ; pharmaceuticals. ; Quality
942 _2ddc
_cBK
999 _c154144
_d154144